000 01299cam a22003617a 4500
003 CHAP
005 20220817041708.0
008 971013s r 00010 d
010 _a21771
011 _a22743
035 _a26838
040 _cCHAP
082 _a341.759
_bM4
110 _aMéxico. Secretaría de Desarrollo Social
245 0 _aInforme de labores 19 - 19
260 _aMéxico, D.F. :
_bLa Secretaría,
_c19 -
300 _av.
500 _aLa biblioteca tiene : 1993-94, 2001, 2002
590 _aBATCH-UPD
_b10
_c20130110
_lUCH01
_h1132
590 _aBATCH-UPD
_b10
_c20130410
_lUCH01
_h0720
590 _aBATCH-UPD
_b10
_c20130914
_lUCH01
_h1144
590 _aBATCH-UPD
_b10
_c20161124
_lUCH01
_h1708
590 _aCONVERSION
_b10
_c20130109
_lUCH01
_h1313
650 1 4 _aDesarrollo de la comunidad
_zMéxico.
_931984
650 1 4 _aMéxico
_xCondiciones sociales.
_976730
650 1 4 _aVivienda
_zMéxico.
_9120153
651 4 _aMéxico
_xPolítica y gobierno.
_976783
901 _aBK
942 _cLIBRO
949 _a341.759 M4
_bBC
_cLIBRO
_d33724000380382
_eLIBRO
_f1993-94
_h87433
_i26838
_si
949 _a341.759 M4
_bBC
_cLIBRO
_d33724000873592
_eLIBRO
_f2002
_gDonaciØn
_h103355
_i26838
_sb
949 _a341.759 M4
_bBC
_cLIBRO
_d33724000873659
_eLIBRO
_f2001
_gDonaciØn
_h103556
_i26838
_sb
999 _c21771
_d21771